| 000 | 00704nam a22002411c 4500 | ||
|---|---|---|---|
| 001 | a987692917 | ||
| 008 | 191219s2019 gw |||| 000u ger d | ||
| 020 |
_a9783742504265 _9978-3-7425-0426-5 |
||
| 041 | _ager | ||
| 100 | 1 | _aGeipel, Ines | |
| 245 | 0 | 0 |
_aUmkämpfte Zone : _bMein Bruder, der Osten und der Hass |
| 264 |
_aBonn : _bBpB Bundeszentrale für Politische Bildung, _c2019 |
||
| 300 | _a278 Seiten | ||
| 650 | 0 | _aPolitische Identität | |
| 650 | 0 | _aPolitikverdrossenheit | |
| 650 | 0 | _aFremdenfeindlichkeit | |
| 650 | 0 | _aRechtsradikalismus | |
| 651 | 0 | _aDeutschland <Östliche Länder> | |
| 942 | _cMG | ||
| 040 | _cRU-10907106 | ||
| 003 | RU-10907106 | ||
| 999 |
_c7258 _d7258 |
||
| 490 | 0 |
_aSchriftenreihe _v10426 |
|